000 00707nam a22002177a 4500
999 _c159321
_d159321
005 20181214120021.0
006 a|||||f|||| 00| 0
007 tc
008 180720b xxu||||| |||| 00| 0 eng d
010 _aB-218313-B-218334
020 _c746.00(Per set)
035 _aB-218313
037 _bA.I.C.B.
082 _a485
245 _aIntermediate English Grammar
260 _aDelhi
_bA.C.I.B.
_cN.D.
270 _aSector-5, Rohini,
_bNew Delhi
_e110085
300 _a11V.,various pages.
_c30cm(HB).
942 _2ddc
_cBRLEN
_h485
_mINT